| 000 | 01304cad a22002895a 4500 | ||
|---|---|---|---|
| 001 | L159828 | ||
| 008 | 100415u20180410xxk g 000 0 eng d | ||
| 035 | _a(Sirsi) u159828 | ||
| 041 | 0 | _aeng | |
| 110 |
_aRoyal Institution of Chartered Surveyors _94900 |
||
| 245 | 0 | 4 |
_aBig data, smart cities, intelligent buildings _bsurveying in a digital world _h[electronic resource] |
| 260 |
_aLondon _bRICS _c2018 |
||
| 300 | _a28p. | ||
| 490 | 0 | _aRICS Research | |
| 490 | 0 | _aRICS Insight | |
| 520 | _aConsiders the potential disruptive impact of big data and digital technologies on traditional surveying practice. This paper recognises that there will be a great deal of variability among professionals in knowledge, understanding and expertise in this area. Internationally, it is evident that different countries are at different stages of development in the adoption of digital technologies. | ||
| 590 | _aKA NTK | ||
| 650 | 2 | 4 | _aSMART CITIES |
| 650 | 2 | 4 | _aBIG DATA |
| 650 | 2 | 4 | _aOPEN DATA |
| 651 | 4 | _aUnited Kingdom | |
| 651 | 4 | _aInternational | |
| 690 |
_aPlanning and development _96259 |
||
| 700 | 1 | _aMehdi, N. | |
| 856 | 4 | 0 |
_uhttps://www.rics.org/content/dam/ricsglobal/documents/to-be-sorted/big_data_smart_cities_insight_mar2018_130218_mb.pdf _zAvailable on RICS.org |
| 942 |
_n0 _2ddc |
||
| 999 |
_c116132 _d116132 |
||